000
00292nam a22001337a 4500
008
171122b xxu||||| |||| 00| 0 eng d
020
_a
639785310112
041
_a
eng
080
_2
3 ED
_a
54
100
_a
12
101
_a
KIM
245
_a
ORGANIC CHEMISTRY
_c
HERBERT.M
942
_2
udc
_c
BK
999
_c
38292
_d
38292